000 00313nam a22001337a 4500
008 170904b xxu||||| |||| 00| 0 eng d
020 _a9781465257475
041 _aeng
080 _23 ED
_a070
100 _a40
101 _aMED
245 _aCOMMUNICATIONN FOR TODAY STUDENT
_cWARD.K.T
942 _2udc
_cBK
999 _c25936
_d25936